000 00274nam a2200109Ia 4500
008 220216s9999 xx 000 0 und d
245 0 _aPilot crumb rubber factory
260 _bRubber Board Bulletin
_c1981
300 _a12-Nov
650 _aCrumb rubber factory
942 _cJS
999 _c65041
_d65041